ESSENTIALS OF MEDICAL PHARMACOLOGY (Record no. 14109)

MARC details
000 -LEADER
fixed length control field 00347nam a22001577a 4500
003 - CONTROL NUMBER IDENTIFIER
control field SGT
020 ## - INTERNATIONAL STANDARD BOOK NUMBER
International Standard Book Number 978-93-5025-937-3
082 ## - DEWEY DECIMAL CLASSIFICATION NUMBER
Classification number 615
Item number E15T
100 ## - MAIN ENTRY--PERSONAL NAME
Personal name TRIPATHI, K.D.
245 ## - TITLE STATEMENT
Title ESSENTIALS OF MEDICAL PHARMACOLOGY
250 ## - EDITION STATEMENT
Edition statement 7TH
260 ## - PUBLICATION, DISTRIBUTION, ETC. (IMPRINT)
Place of publication, distribution, etc INDIA
Name of publisher, distributor, etc JAYPEE
Year of Publication 2015
300 ## - PAGE DESCRIPTION
No. of Pages 1002
650 ## - SUBJECT ADDED ENTRY--TOPICAL TERM
Topical term or geographic name as entry element PHARMACOLOGY
942 ## - ADDED ENTRY ELEMENTS (KOHA)
Source of classification or shelving scheme Dewey Decimal Classification
Koha item type Books
942 ## - ADDED ENTRY ELEMENTS (KOHA)
-- 92
Holdings
Withdrawn status Lost status Source of classification or shelving scheme Damaged status Not for loan Collection code Home library Current library Shelving location Date acquired Vendor Name Cost, normal purchase price SGTU Bill Number Total Checkouts Full call number Accession No. (Barcode) Date last seen Date last borrowed Bill Date Koha item type Total Renewals Checked out
    Dewey Decimal Classification     MEDICAL SGT Medical Library SGT Medical Library Text Book 21/12/2017 ABC DELHI 1095.00 SGTU 8923 40 615 E15T FM10146 25/04/2026 13/04/2026   Books    
    Dewey Decimal Classification     MEDICAL SGT Medical Library SGT Medical Library Text Book 21/12/2017 ABC DELHI 1095.00 SGTU 8923 40 615 E15T FM10147 21/05/2026 21/05/2026   Books 1 04/06/2026
    Dewey Decimal Classification     MEDICAL SGT Medical Library SGT Medical Library Text Book 21/12/2017 ABC DELHI 1095.00 SGTU 8923 49 615 E15T FM10148 06/05/2026 06/05/2026   Books    
    Dewey Decimal Classification     MEDICAL SGT Medical Library SGT Medical Library Text Book 21/12/2017 ABC DELHI 1095.00 SGTU 8923 38 615 E15T FM10149 18/06/2025 16/06/2025   Books    
    Dewey Decimal Classification     MEDICAL SGT Medical Library SGT Medical Library Text Book 21/12/2017 ABC DELHI 1095.00 SGTU 8923 32 615 E15T FM10150 13/06/2024 28/05/2024   Books